Incidents in the life of a slave girl : (Record no. 705)

MARC details
000 -LEADER
fixed length control field 01026cam a2200265 4500
001 - CONTROL NUMBER
control field 997
005 - DATE AND TIME OF LATEST TRANSACTION
control field 20181127162459.0
008 - FIXED-LENGTH DATA ELEMENTS--GENERAL INFORMATION
fixed length control field 860904s1987 mauc b 001 0aeng
010 ## - LIBRARY OF CONGRESS CONTROL NUMBER
LC control number 86022937
020 ## - INTERNATIONAL STANDARD BOOK NUMBER
International Standard Book Number 067444745X (alk. paper)
International Standard Book Number 0674447468 (pbk. : alk. paper)
043 ## - GEOGRAPHIC AREA CODE
Geographic area code n-us---
100 1# - MAIN ENTRY--PERSONAL NAME
Personal name Jacobs, Harriet A.
Fuller form of name (Harriet Ann),
Dates associated with a name 1813-1897.
245 10 - TITLE STATEMENT
Title Incidents in the life of a slave girl :
Remainder of title written by herself /
Statement of responsibility, etc. by Harriet A. Jacobs ; edited by L. Maria Child ; edited and with an introduction by Jean Fagan Yellin.
260 ## - PUBLICATION, DISTRIBUTION, ETC.
Place of publication, distribution, etc. Cambridge, Mass. :
Name of publisher, distributor, etc. Harvard University Press,
Date of publication, distribution, etc. 1987.
300 ## - PHYSICAL DESCRIPTION
Extent xxxiii, 306 p. :
Other physical details port. ;
Dimensions 24 cm.
500 ## - GENERAL NOTE
General note Includes index.
504 ## - BIBLIOGRAPHY, ETC. NOTE
Bibliography, etc. note Bibliography: p. 253-292.
600 10 - SUBJECT ADDED ENTRY--PERSONAL NAME
Personal name Jacobs, Harriet A.
Fuller form of name (Harriet Ann),
Dates associated with a name 1813-1897.
650 #0 - SUBJECT ADDED ENTRY--TOPICAL TERM
Topical term or geographic name entry element Slaves
Geographic subdivision United States
General subdivision Biography.
Topical term or geographic name entry element Slaves
Geographic subdivision United States
General subdivision Social conditions.
700 1# - ADDED ENTRY--PERSONAL NAME
Personal name Child, Lydia Maria Francis,
Dates associated with a name 1802-1880.
Personal name Yellin, Jean Fagan.
740 0# - ADDED ENTRY--UNCONTROLLED RELATED/ANALYTICAL TITLE
Uncontrolled related/analytical title Life of a slave girl.
Holdings
Withdrawn status Lost status Source of classification or shelving scheme Damaged status Not for loan Collection code Home library Current library Shelving location Date acquired Serial Enumeration / chronology Inventory number Total Checkouts Total Renewals Full call number Barcode Date last seen Date last checked out Price effective from Koha item type
    Dewey Decimal Classification     Main TEST RTC Library RTC Library Main opac 05/03/2021 688 3 1 920 JAC 30001351 30/08/2021 16/08/2021 27/11/2018 Main
Royal Thimphu College || All Right Reserved